Language Quiz

Random Language or Animal Quiz

Animal Expressions Quiz Stats

 Plays Quiz Updated Mar 25, 2015

Challenge
Share
Tweet
Embed
Score 0/38 Timer 06:00
11 Plays Today
Expression Animal % Correct
You can't teach an old ___ new tricksdog
98.9%
Take the ___ by the hornsbull
98%
Let the ___ out of the bagcat
97.4%
___ of a feather flock togetherBirds
95.8%
Scape___goat
95.2%
Don't count your ____ before they are hatchedchickens
94.9%
I've got bigger ___ to fryfish
94.8%
Good night, sleep tight, don't let the bed ___ bitebugs
94.2%
When ___ flypigs
93.5%
You can lead a ___ to water but you can't make him drinkhorse
93.1%
Cry ___wolf
93.1%
Busy as a _______beaver
93%
Black ___ of the familysheep
92.8%
Wild ___ chasegoose
92.6%
__ in your pantsants
89.9%
Moving at a ___ pacesnail's
89.3%
Opening up a can of ___worms
89.1%
___ in the grasssnake
88.7%
The straw that broke the ____ backcamel's
87.7%
Expression Animal % Correct
____ lovepuppy
87.4%
___ in your throatfrog
87.2%
A memory like an ___elephant
87.1%
Stop cold ____turkey
86.7%
Cash ___cow
86.5%
___ racerat
84%
A ____ can't change his spotsleopard
83.3%
I'll be a ___ uncle!monkey's
79.9%
Card ___shark
79.2%
If it looks like a __ and walks like a ___, it must be a ___
(1 word)
duck
76.6%
___ tearscrocodile
74.6%
As the ___ fliescrow
73.9%
You can catch more ___ with honey than with vinegarflies
73.8%
To go ___ wildhog
73.2%
Out___fox
70.5%
Red ___herring
70.3%
Playing ___possum
68.2%
___ in the belfrybats
62.4%
As mad as a March ___hare
61.7%

You're not logged in!

Compare scores with friends on all Sporcle quizzes.
Join for Free
OR
Log In

You Might Also Like...

Show Comments

Extras

Top Quizzes Today


Score Distribution

Your Account Isn't Verified!

In order to create a playlist on Sporcle, you need to verify the email address you used during registration. Go to your Sporcle Settings to finish the process.

Report this User

Report this user for behavior that violates our Community Guidelines.

Details: